01021 2200205 4500001002100000005001500021035002000036007000300056008004100059020002200100082001400122084002000136100002800156245005600184260004200240300005000282700002400332520044400356600001500800INLIS00000000000234720260410101033 a0010-0426000025ta260410 j 1 ind  a978-602-50632-3-7 a899.221.3 a899.221.3 LAR m0 aLaras Ayu ( Pengarang )1 aMima dan gadis manja /cLaras Ayu; editor, D. Liana aJakarta :bPustaka tiga kelana,c2020 a96 hlm :biIus,bergambar,hitam putih ;c21 cm0 aD. Liana ( Editor ) aKamu mau liburan kemana, Mima ? tanya Tara tiba-tiba. Ngg....Mima menarik-narik rambut keritingnya. Aku akan pergu ke Bali seru Rino tanpa ditanya. Aku main seharian di pantai. Aku juga akan pergi ke Gili Terawangan. Kalian tahu tidak kalau Gili Terawangan ? Itu tempat yang bagus untuk menyelam dan olahraga air. Rino merepet seperti mobil tanpa rem. Bagaimana kisah rencana liburan Mima , Tara dan Rino ? Baca kisah meraka di buku ini... 4aFiksi anak